State level conference / (Record no. 519528)

MARC details
000 -LEADER
fixed length control field 01023nam a2200289 a 4500
001 - CONTROL NUMBER
control field vtls001215586
003 - CONTROL NUMBER IDENTIFIER
control field NLI
005 - DATE AND TIME OF LATEST TRANSACTION
control field 20210603170321.0
008 - FIXED-LENGTH DATA ELEMENTS--GENERAL INFORMATION
fixed length control field 120525s1966 ii ab s100 0 eng
039 #9 - LEVEL OF BIBLIOGRAPHIC CONTROL AND CODING DETAIL [OBSOLETE]
Level of rules in bibliographic description 201205252207
Level of effort used to assign nonsubject heading access points VLOAD
-- 201203282040
-- VLOAD
040 0# - CATALOGING SOURCE
Original cataloging agency NLI
Language of cataloging eng
Transcribing agency Datasoft_IOD
Description conventions AACR2
041 0# - LANGUAGE CODE
Language code of text/sound track or separate title eng
044 ## - COUNTRY OF PUBLISHING/PRODUCING ENTITY CODE
MARC country code ii
082 04 - DEWEY DECIMAL CLASSIFICATION NUMBER
Classification number 352.05417
111 2# - MAIN ENTRY--MEETING NAME
Meeting name or jurisdiction name as entry element Conference of Urban Local bodies
Date of meeting or treaty signing (30th Sept. and 1st Oct.1965 Bhubaneswar)
9 (RLIN) 653936
245 10 - TITLE STATEMENT
Title State level conference /
Statement of responsibility, etc. conference of Urban Local bodies held at Bhubaneswar on 30th Sept. and 1st Oct. 1965
260 ## - PUBLICATION, DISTRIBUTION, ETC.
Place of publication, distribution, etc. Bhubaneswar :
Name of publisher, distributor, etc. Govt. of Orissa Press,
Date of publication, distribution, etc. 1966
300 ## - PHYSICAL DESCRIPTION
Extent 139 p. :
Other physical details ill., maps ;
Dimensions 28 cm.
500 ## - GENERAL NOTE
General note Government publication
650 #0 - SUBJECT ADDED ENTRY--TOPICAL TERM
Topical term or geographic name entry element Panchayat
Geographic subdivision India
-- Orissa
9 (RLIN) 130830
650 #0 - SUBJECT ADDED ENTRY--TOPICAL TERM
Topical term or geographic name entry element Local government
Geographic subdivision India
-- Orissa
710 1# - ADDED ENTRY--CORPORATE NAME
Corporate name or jurisdiction name as entry element Orissa (India).
Subordinate unit Local self Government Department
9 (RLIN) 653937
887 ## - NON-MARC INFORMATION FIELD
Content of non-MARC field
901 ## - LOCAL DATA ELEMENT A, LDA (RLIN)
a 44614 date
b 29.3.1966
902 ## - LOCAL DATA ELEMENT B, LDB (RLIN)
a GP 352.05417 Or 16 so
942 ## - ADDED ENTRY ELEMENTS (KOHA)
Source of classification or shelving scheme Dewey Decimal Classification
Koha item type Books
Holdings
Withdrawn status Lost status Damaged status Not for loan Collection code Home library Current library Shelving location Date acquired Total Checkouts Full call number Date last seen Price effective from Koha item type
        Government Publications National Library of India National Library of India Annexe Reading Room & Stack Division     GP 352.05417 Or 16 so 03/06/2021 03/06/2021 Books
                                                                           
web counter

Copyright ©2020 The National Library of India, Govt. of India ↔ Hosted by NVLI, MOC ↔ Technology and Design by National Library of India, Ministry of Culture, Govt. of India